Представление документа в формате MARC21

ПолеНазваниеЗначение
  Тип записи a
  Библиографический уровень m
001 Контрольный номер RU/URAIT/586078
005 Дата корректировки 20260429163618.5
008 Кодируемые данные 260429s2026 RU y f j 000 0 rus u
020 Индекс ISBN __
a ISBN 978-5-534-18132-6
c Цена, тираж 1229.00
040 Источник каталогиз. __
a Служба первич. каталог. ИКО Юрайт
c Служба, преобразующая запись ИКО Юрайт
e Правила каталог. RCR
041 Код языка издания __
a Код языка текста rus
044 Код страны публикации __
a Код страны публикации RU
080 Индекс УДК __
a Индекс УДК 658.15(075.8)
084 Индекс другой классификации/Индекс ББК __
2 Источник индекса rubbk
a Индекс другой классификации/Индекс ББК 65.291я73
100 Автор __
a Автор Овечкина А. И.
q Полное имя Овечкина Анна Игоревна
245 Заглавие __
a Заглавие Корпоративные финансы. Практический курс
b Продолж. заглавия учебник для вузов
c Ответственность А. И. Овечкина, Н. П. Петрова.
250 Сведения об издании __
a Основные сведения об издании 2-е изд.
256 Характеристики компьютерного файла __
a Характеристики компьютерного файла Электрон. дан.
260 Выходные данные __
a Место издания Москва
b Издательство Юрайт
c Дата издания 2026
300 Физическое описание __
a Объем 215 с
440 Серия __
a Серия Высшее образование
500 Примечания __
a Примечание URL: https://urait.ru/bcode/586078 (дата обращения: 29.04.2026).
520 Аннотация __
a Аннотация В практическом курсе, составленном на основе законодательных и нормативных актов Российской Федерации, представлены обобщенные теоретические вопросы корпоративных финансов, предпосылки возникновения корпораций на современном этапе. Теория дается в лаконичном изложении, в виде таблиц и необходимых формул. В издание также включены вопросы и задачи по дисциплине, приводятся примеры с разбором решений.
538 Прим. о системных особенностях __
a Прим. о системных особенностях Режим доступа: Электронно-библиотечная система Юрайт, для авториз. пользователей
653 Ключевые слова __
a Ключевые слова Финансы
653 Ключевые слова __
a Ключевые слова Экономические науки
653 Ключевые слова __
a Ключевые слова Корпоративные финансы
653 Ключевые слова __
a Ключевые слова Основы корпоративных финансов
700 Другие авторы __
a Другие авторы Петрова Н. П.
q Полное имя Петрова Наталья Павловна
856 Электронный адрес документа 40
n Местонахождение сервера Юрайт
g Электронная книга
q Тип электронного формата html
h Имя пользователя ЮРАЙТ
v Часы доступа к ресурсу 20271231
2 Способ доступа Показать документ
x Служебное примечание https://urait.ru/book/cover/45E8CBC8-83DA-430D-92B3-9AB349D83376
u URL https://urait.ru/bcode/586078
856 Электронный адрес документа 48
q Тип электронного формата cover
u URL https://urait.ru/book/cover/45E8CBC8-83DA-430D-92B3-9AB349D83376
911 __
u 0030=https://urait.ru/bcode/586078
911 __
u 073a=9785534181326
u 073d=1229.00
911 __
u 106a=s
911 __
u 900l=
952 Тип литературы __
i Дисциплина Корпоративные финансы
952 Тип литературы __
i Дисциплина Основы корпоративных финансов